000 01711nam a2200277 i 4500
001 176710
003 ES-MaACL
005 20231218155128.0
008 110203s2003 sp o |||| | spa d
020 _a84-95011-73-5
080 _a94(460.27 Alcalá de Henares)
100 1 _aPortilla y Esquivel, Miguel de.
_993248
245 1 0 _aHistoria de la ciudad de Compluto, vulgarmente, Alcala de Santiuste y aora de Henares /
_csu autor, Miguel de Portilla y Esquivel.
260 _aAlcalá de Henares :
_bFundación Colegio del Rey,
_cD. L. 2003.
300 _a2 v. ;
_c21 cm +
_e1 cuadernillo (27 p. : fot. col.)
500 _aCuadernillo con estudio de José-María Nogales Herrera.
500 _a3 partes en 2 t.
505 8 _aContiene: T.I. De todo lo tocante al antiguo Compluto, asta el año MLXXIX, de su reedificacion, y nuevo nombre, el año MLXXXVI, y de que su castillo, Alcala La Vieja, se ganò en el año MCXVIII, apareciendo en el ayre la Santa Cruz.- T.II, Parte II. De sus hijos insignes, especialmente en letras, y virtudes, en particular desde su nueva fundacion en el año MLXXXVI.- T.II, Parte III. Del convento de religiosas Carmelitas Descalças de la Purissima Concepcion, vulgarmente de la Imagen, que fundaron la seraphica doctora N. S. M. Teresa de Jesus y la V. M. Maria de Jesus, granadina, por mandado de nuestra señora la Virgen Maria
534 _pReprod. facs. de la ed.:
_cAlcalá: por Joseph Espartosa, 1725-1728.
650 4 _aAlcalá de Henares-
_xHistoria.
_9223677
655 7 _2tgfbne
_9226495
_aFacsímiles
700 1 _aNogales Herrera, José María,
_d1957-
_9143808
852 _aES-MaACL
_jE-14172-73
942 _2udc
999 _c176710
_d176710